00736 2200181 4500245006300000020001800063250001100081100001700092700002500109650002000134005001900154260002900173041001400202084001100216300002300227500029500250336000900545 aMaruti b : Jerit Hati Seorang PenaricAchmad MunifhText a979-7564-65-7 aCet. 1 aAchmad Munif aMaulana Ahmad Jalidu aNovel Indonesia a20230926084853 aYogyakartabNarasic2005 aIndonesia a808.83 a276 hlm. :c18 cm. aMaruti hanyalah seorang penari lulusan sekolah tari, setingkat sekolah lanjutan atas yang tidak mampu meneruskan ke Akademi Tari karena tidak punya biaya. Dirinya kini hanyalah tukang pijat dari satu hotel ke hotel lainnya. Dari satu losmen ke losmen lainnya. Demi menghidupi kedua anaknya. atext